Cars - Sudden Death 2 - Statistics

General Stats
  • This quiz has been taken 961 times
    169 since last reset
  • The average score is 3 of 9
Answers on the Grid
Answers color-coded by a green-red scale on the quiz's grid according to % correct below.
Infiniti
Kawasaki
Kubota
Zender
JCB
Fabryka Samochodów Osobowych
Hongqi
Sisu
Grinnal
New Holland
Keating
Gordon-Keeble
Iveco
John Deere
Scania
Ultima
Claas
KrAz
Volkswagen
Liebherr
 
Answer Stats
Answer % Correct
Infiniti
92%
Volkswagen
60%
Ultima
38%
Hongqi
30%
Fabryka Samochodów Osobowych
18%
Keating
13%
Zender
13%
Gordon-Keeble
12%
Grinnal
5%
No matching quizzes found
Score Distribution
Percent of People with Each Score
Percentile by Number Answered
Your Score History
You have not taken this quiz since the last reset